[Event "Belgrade Serbia op"]
[Site "Belgrade"]
[Date "2021.07.07"]
[Round "8"]
[White "Rozman, Monika"]
[Black "Vasic, Vladimir"]
[Result "0-1"]
[WhiteElo "2151"]
[BlackElo "2119"]
[PlyCount "116"]
[EventDate "2021.07.02"]
[EventType "swiss"]
[EventRounds "9"]
[EventCountry "SRB"]
[SourceTitle "EXT 2022"]
[Source "ChessBase"]
[SourceDate "2021.10.06"]
[SourceVersion "1"]
[SourceVersionDate "2021.10.06"]
[SourceQuality "1"]

1. e4 e5 2. Nf3 Nc6 3. Bc4 Be7 4. 0-0 Nf6 5. Re1 d6 6. c3 0-0 7. Bb3 Bg4 8. h3 Bh5 9. d3 Na5 10. Bc2 c5 11. Nbd2 Qc7 12. Nf1 Nc6 13. Ng3 Bg6 14. Nh4 Rfe8 15. Bg5 Rad8 16. Qf3 Nd7 17. Bxe7 Nxe7 18. Bb3 Nf6 19. Ngf5 Bxf5 20. Nxf5 Nxf5 21. Qxf5 d5 22. exd5 Nxd5 23. d4 c4 24. Ba4 g6 25. Qg5 f6 26. Qg3 Re6 27. Bc2 Nf4 28. Qg4 Rde8 29. Bf5 R6e7 30. g3 Nd5 31. Rad1 Kh8 32. Qf3 e4 33. Rxe4 gxf5 34. Rxe7 Nxe7 35. Qh5 Rf8 36. d5 Qd7 37. Rd4 b5 38. Qh6 Kg8 39. g4 Nxd5 40. gxf5 Qxf5 41. Rg4+ Kf7 42. Qg7+ Ke8 43. Qb7 Qd7 44. Qb8+ Kf7 45. Qg3 Qf5 46. Kh1 Rd8 47. Rg7+ Ke6 48. Rxa7 Qe4+ 49. Kh2 Qf4 50. Rb7 Rg8 51. Qxf4 Nxf4 52. Rxb5 Rg2+ 53. Kh1 Rxf2 54. Rc5 Rxb2 55. Rxc4 Nxh3 56. a4 Ra2 57. Rh4 Ng5 58. Rb4 Nf3 0-1

[Event "Belgrade Serbia op"]
[Site "Belgrade"]
[Date "2021.07.06"]
[Round "6"]
[White "Ratsma, Midas"]
[Black "Vasic, Vladimir"]
[Result "1-0"]
[WhiteElo "2259"]
[BlackElo "2119"]
[PlyCount "85"]
[EventDate "2021.07.02"]
[EventType "swiss"]
[EventRounds "9"]
[EventCountry "SRB"]
[SourceTitle "EXT 2022"]
[Source "ChessBase"]
[SourceDate "2021.10.06"]
[SourceVersion "1"]
[SourceVersionDate "2021.10.06"]
[SourceQuality "1"]

1. e4 e5 2. Nf3 Nc6 3. Bb5 a6 4. Ba4 Nf6 5. 0-0 Be7 6. Re1 b5 7. Bb3 d6 8. c3 Na5 9. Bc2 c5 10. d4 Qc7 11. d5 0-0 12. b3 Bd7 13. Nbd2 c4 14. b4 Nb7 15. Nf1 Ne8 16. Ng3 g6 17. Bh6 Ng7 18. a4 f6 19. Ra3 Rfb8 20. Qa1 Qc8 21. Qa2 Ne8 22. Ra1 Nc7 23. a5 Nd8 24. Bd2 Nf7 25. Rf1 f5 26. exf5 gxf5 27. Qb1 e4 28. Nd4 Nxd5 29. f3 e3 30. Ngxf5 exd2 31. Be4 Bxf5 32. Nxf5 Bf8 33. Bxd5 Ra7 34. Qe4 Qd8 35. Qg4+ Kh8 36. Qd4+ Ne5 37. Qxa7 Qf6 38. Qxb8 Qxf5 39. Ra2 Nd7 40. Be4 Qf4 41. Qa7 Nf6 42. Qd4 Bh6 43. Rxd2 1-0

[Event "Belgrade Serbia op"]
[Site "Belgrade"]
[Date "2021.07.04"]
[Round "4"]
[White "Zivkovic, Sava"]
[Black "Vasic, Vladimir"]
[Result "1-0"]
[WhiteElo "2251"]
[BlackElo "2119"]
[PlyCount "46"]
[EventDate "2021.07.02"]
[EventType "swiss"]
[EventRounds "9"]
[EventCountry "SRB"]
[SourceTitle "CBM 203 Extra"]
[Source "ChessBase"]
[SourceDate "2021.09.30"]
[SourceVersion "1"]
[SourceVersionDate "2021.09.30"]
[SourceQuality "1"]

1. e4 e5 2. Nf3 Nc6 3. Bb5 f5 4. Nc3 fxe4 5. Nxe4 d5 6. Nxe5 dxe4 7. Nxc6 Qg5 8. Qe2 Nf6 9. Ne5+ c6 10. f4 Qxf4 11. d4 Qh4+ 12. g3 Qh3 13. Bc4 Be6 14. Bg5 Bd6 15. 0-0-0 Bxe5 16. dxe5 Bg4 17. Qe3 Nd5 18. Rxd5 cxd5 19. Qc5 Kf7 20. Qxd5+ Be6 21. Qd7+ Kg6 22. Bxe6 Qg2 23. Qf7+ Kxg5 1-0

[Event "SRB-ch sf"]
[Site "Paracin"]
[Date "2021.03.20"]
[Round "6"]
[White "Mijatovic, Dusan"]
[Black "Vasic, Vladimir"]
[Result "1-0"]
[WhiteElo "2246"]
[BlackElo "2129"]
[PlyCount "105"]
[EventDate "2021.03.16"]
[EventType "swiss"]
[EventRounds "9"]
[EventCountry "SRB"]
[SourceTitle "CBM 201 Extra"]
[Source "ChessBase"]
[SourceDate "2021.05.31"]
[SourceVersion "1"]
[SourceVersionDate "2021.05.31"]
[SourceQuality "1"]

1. e4 e5 2. Nf3 Nc6 3. Bb5 f5 4. d3 fxe4 5. dxe4 Nf6 6. 0-0 d6 7. Qd3 Be7 8. Qc4 Qd7 9. Rd1 Kf8 10. Nc3 a6 11. Qa4 Qe8 12. Nd5 Bd8 13. Bg5 Bd7 14. Bxf6 gxf6 15. Ne3 Rb8 16. Bxc6 Bxc6 17. Qc4 Qf7 18. Qd3 Rg8 19. Nf5 Qh5 20. Ne1 Be7 21. f3 Rd8 22. Qc4 Re8 23. a4 Bd8 24. Qd3 Bd7 25. Ng3 Qf7 26. c4 Be6 27. b3 Kg7 28. Nc2 Kh8 29. Ne3 Be7 30. a5 Bf8 31. Ngf5 Rd8 32. b4 c6 33. Rac1 Qc7 34. Rd2 Qf7 35. Rcd1 Bxf5 36. Nxf5 d5 37. cxd5 cxd5 38. exd5 Bxb4 39. Rb2 Bc5+ 40. Kh1 Bd4 41. Rbd2 Qxd5 42. Ne7 Qxa5 43. Nxg8 Rxg8 44. Qf5 Qb6 45. Rb1 Qc6 46. Rc2 Bc5 47. Rxc5 Qxc5 48. Qxf6+ Rg7 49. Rd1 h6 50. Qxh6+ Kg8 51. Rd8+ Kf7 52. Rd7+ Ke8 53. Rxg7 1-0

[Event "Belgrade Trophy 34th"]
[Site "Belgrade"]
[Date "2020.12.01"]
[Round "8"]
[White "Vasic, Vladimir"]
[Black "Radojicic, Aleksandar M"]
[Result "1-0"]
[WhiteElo "2147"]
[BlackElo "2015"]
[PlyCount "46"]
[EventDate "2020.11.24"]
[EventType "swiss"]
[EventRounds "9"]
[EventCountry "SRB"]
[SourceTitle "CBM 199 Extra"]
[Source "ChessBase"]
[SourceDate "2021.01.31"]
[SourceVersion "1"]
[SourceVersionDate "2021.01.31"]
[SourceQuality "1"]

1. e4 c5 2. d4 cxd4 3. Bc4 e6 4. Qxd4 Nc6 5. Qe3 a6 6. Nc3 Bd6 7. f4 Nge7 8. Bd2 b5 9. Bd3 Ng6 10. e5 Bc7 11. Ne4 0-0 12. 0-0-0 Nce7 13. Qh3 Nd5 14. g3 Bb7 15. Nf3 Ba5 16. Nd6 Bc6 17. Ng5 h6 18. Ngxf7 Rxf7 19. Bxg6 Bxd2+ 20. Rxd2 Re7 21. Be4 Qa5 22. a3 b4 23. Rd3 Qc5 1-0

[Event "Belgrade Trophy 34th"]
[Site "Belgrade"]
[Date "2020.11.29"]
[Round "6"]
[White "Vasic, Vladimir"]
[Black "Lundin, Jan"]
[Result "1-0"]
[WhiteElo "2147"]
[BlackElo "2326"]
[PlyCount "69"]
[EventDate "2020.11.24"]
[EventType "swiss"]
[EventRounds "9"]
[EventCountry "SRB"]
[SourceTitle "CBM 199 Extra"]
[Source "ChessBase"]
[SourceDate "2021.01.31"]
[SourceVersion "1"]
[SourceVersionDate "2021.01.31"]
[SourceQuality "1"]

1. e4 e6 2. d4 d5 3. Nd2 Nc6 4. Ngf3 Nf6 5. e5 Nd7 6. Bd3 Nb4 7. Be2 c5 8. c3 Nc6 9. 0-0 Be7 10. Re1 g5 11. h3 h5 12. g4 hxg4 13. hxg4 Qb6 14. Nf1 cxd4 15. cxd4 Bb4 16. Be3 Bxe1 17. Qxe1 Nf8 18. Qd2 Nh7 19. a3 Na5 20. Rd1 Nb3 21. Qd3 Bd7 22. Ng3 Rc8 23. Kg2 Nf8 24. Bxg5 Ba4 25. Nh5 Ng6 26. Nf6+ Kf8 27. Qe3 Bb5 28. Qxb3 Be8 29. Qxb6 axb6 30. Bd3 Ba4 31. Re1 Rc6 32. Kg3 Bc2 33. Bb5 Rc7 34. Rc1 Kg7 35. Ne8+ 1-0

[Event "Belgrade Trophy 34th"]
[Site "Belgrade"]
[Date "2020.11.28"]
[Round "5"]
[White "Poleksic, Dusan"]
[Black "Vasic, Vladimir"]
[Result "0-1"]
[WhiteElo "2032"]
[BlackElo "2147"]
[PlyCount "86"]
[EventDate "2020.11.24"]
[EventType "swiss"]
[EventRounds "9"]
[EventCountry "SRB"]
[SourceTitle "CBM 199 Extra"]
[Source "ChessBase"]
[SourceDate "2021.01.31"]
[SourceVersion "1"]
[SourceVersionDate "2021.01.31"]
[SourceQuality "1"]

1. d4 d5 2. c4 e5 3. dxe5 d4 4. Nf3 Nc6 5. Bg5 Qd7 6. g3 h6 7. Bd2 Qe6 8. Bg2 Qxc4 9. 0-0 Be6 10. Na3 Bxa3 11. Rc1 Qxa2 12. Rxc6 bxc6 13. Nxd4 Bd5 14. Qa4 Bxg2 15. Rc1 Ne7 16. Bb4 Qd5 17. Bxa3 Bh3 18. f3 Qxe5 19. e4 Bd7 20. Rc5 Qf6 21. f4 0-0 22. Nf3 Rfd8 23. f5 Be8 24. g4 Qd6 25. Re5 Qd1+ 26. Qxd1 Rxd1+ 27. Kf2 Nd5 28. exd5 cxd5 29. Bc5 Rc1 30. b4 a5 31. Rxd5 Bc6 32. Rd3 Bxf3 33. Kxf3 axb4 34. Bxb4 c5 35. Bd2 Rc2 36. h4 c4 37. Rd7 Ra3+ 38. Ke4 Rh3 39. Rd8+ Kh7 40. h5 f6 41. Bb4 Rg3 42. Rc8 Rxg4+ 43. Kd5 Re2 0-1

[Event "SRB-ch sf"]
[Site "Novi Banovci"]
[Date "2020.02.26"]
[Round "4"]
[White "Vasic, Vladimir"]
[Black "Radojicic, Aleksandar M"]
[Result "1/2-1/2"]
[WhiteElo "2187"]
[BlackElo "1944"]
[PlyCount "68"]
[EventDate "2020.02.24"]
[EventType "swiss"]
[EventRounds "9"]
[EventCountry "SRB"]
[SourceTitle "CBM 195 Extra"]
[Source "ChessBase"]
[SourceDate "2020.05.31"]
[SourceVersion "1"]
[SourceVersionDate "2020.05.31"]
[SourceQuality "1"]

1. e4 c5 2. Nf3 e6 3. d4 cxd4 4. Nxd4 a6 5. c4 Nf6 6. Nc3 Qc7 7. Nc2 b6 8. Be3 Bb7 9. f3 d6 10. Qd2 Be7 11. Qf2 Nbd7 12. Rc1 0-0 13. Be2 Rfc8 14. 0-0 Rab8 15. Rfd1 Qd8 16. Nd4 Qf8 17. b3 h6 18. Bf1 g5 19. g4 Qg7 20. Bg2 Nc5 21. h3 Ba8 22. Nde2 b5 23. b4 Ncd7 24. cxb5 axb5 25. Ba7 Rb7 26. Nd5 Rxc1 27. Nxe7+ Kf8 28. Rxc1 Kxe7 29. Rc8 Ne8 30. Rxa8 Qa1+ 31. Kh2 Qxa2 32. e5 Rc7 33. f4 Rc2 34. exd6+ Kxd6 1/2-1/2

[Event "SRB-ch sf"]
[Site "Novi Banovci"]
[Date "2020.02.24"]
[Round "1"]
[White "Todorovic, Goran M"]
[Black "Vasic, Vladimir"]
[Result "1-0"]
[WhiteElo "2401"]
[BlackElo "2187"]
[PlyCount "101"]
[EventDate "2020.02.24"]
[EventType "swiss"]
[EventRounds "9"]
[EventCountry "SRB"]
[SourceTitle "CBM 195 Extra"]
[Source "ChessBase"]
[SourceDate "2020.05.31"]
[SourceVersion "1"]
[SourceVersionDate "2020.05.31"]
[SourceQuality "1"]

1. e4 e5 2. Nf3 Nc6 3. Bb5 f5 4. Nc3 fxe4 5. Nxe4 d5 6. Nxe5 dxe4 7. Nxc6 Qg5 8. Nd4+ c6 9. Bf1 Qe5 10. c3 Nf6 11. d3 exd3+ 12. Be3 Nd5 13. Qxd3 Nxe3 14. Qxe3 Qxe3+ 15. fxe3 Be7 16. Bc4 Rf8 17. Rf1 Rxf1+ 18. Kxf1 Bd7 19. Be6 Rd8 20. Ke2 Bg5 21. Bxd7+ Rxd7 22. Nf3 Bh6 23. g4 g6 24. Rg1 Re7 25. g5 Bf8 26. Rg4 Re6 27. Kd3 Be7 28. Re4 Rd6+ 29. Rd4 Re6 30. a4 c5 31. Re4 Rd6+ 32. Kc4 Rd1 33. h4 Rb1 34. b3 a6 35. Ne5 Rd1 36. Ng4 Kd7 37. Nf6+ Kd6 38. Nxh7 Rf1 39. a5 Bd8 40. b4 cxb4 41. Rd4+ Kc7 42. cxb4 Be7 43. Rf4 Rb1 44. Kd5 Bxb4 45. h5 gxh5 46. g6 Bxa5 47. g7 Rg1 48. Nf6 Bd2 49. g8Q Rxg8 50. Nxg8 Bxe3 51. Rc4+ 1-0

[Event "Belgrade Trophy 33rd"]
[Site "Belgrade"]
[Date "2019.11.29"]
[Round "6"]
[White "Vasic, Vladimir"]
[Black "Ravic, Nenad"]
[Result "1/2-1/2"]
[WhiteElo "2160"]
[BlackElo "2304"]
[PlyCount "51"]
[EventDate "2019.11.24"]
[EventType "swiss"]
[EventRounds "9"]
[EventCountry "SRB"]
[SourceTitle "CBM 193 Extra"]
[Source "ChessBase"]
[SourceDate "2020.01.31"]
[SourceVersion "1"]
[SourceVersionDate "2020.01.31"]
[SourceQuality "1"]

1. e4 c5 2. Nf3 d6 3. d4 Nf6 4. dxc5 Nxe4 5. cxd6 Nc6 6. Bd3 Nxd6 7. 0-0 g6 8. Re1 Bg7 9. c3 0-0 10. Nbd2 Bg4 11. h3 Bxf3 12. Nxf3 e5 13. Bf1 Qc7 14. Qa4 Rfe8 15. Be3 e4 16. Nd4 Nxd4 17. Bxd4 Bxd4 18. Qxd4 Nf5 19. Qc4 Qe5 20. Rad1 e3 21. fxe3 Nxe3 22. Qe2 Qf5 23. Rd4 Nxf1 24. Qxf1 Qxf1+ 25. Kxf1 Rxe1+ 26. Kxe1 1/2-1/2

[Event "Belgrade Trophy 33rd"]
[Site "Belgrade"]
[Date "2019.11.27"]
[Round "4"]
[White "Masic, Predrag"]
[Black "Vasic, Vladimir"]
[Result "1/2-1/2"]
[WhiteElo "2300"]
[BlackElo "2160"]
[PlyCount "42"]
[EventDate "2019.11.24"]
[EventType "swiss"]
[EventRounds "9"]
[EventCountry "SRB"]
[SourceTitle "CBM 193 Extra"]
[Source "ChessBase"]
[SourceDate "2020.01.31"]
[SourceVersion "1"]
[SourceVersionDate "2020.01.31"]
[SourceQuality "1"]

1. Nf3 d5 2. g3 c5 3. Bg2 Nc6 4. 0-0 e5 5. d3 Be7 6. c3 Nf6 7. Nbd2 h6 8. e4 dxe4 9. dxe4 Be6 10. Qe2 Qc7 11. Re1 0-0 12. Nh4 Rfe8 13. Nc4 Rad8 14. Ne3 Bf8 15. h3 c4 16. Nxc4 Nd4 17. cxd4 Bxc4 18. Qc2 Bb4 19. Rd1 Rxd4 20. Be3 Rxd1+ 21. Rxd1 Rc8 1/2-1/2

[Event "Belgrade ChessAmateur op 5th"]
[Site "Belgrade"]
[Date "2019.01.06"]
[Round "5"]
[White "Vasic, Vladimir"]
[Black "Jakovljevic, Zoran D"]
[Result "1-0"]
[WhiteElo "2180"]
[BlackElo "2101"]
[PlyCount "59"]
[EventDate "2019.01.04"]
[EventType "swiss"]
[EventRounds "9"]
[EventCountry "SRB"]
[SourceTitle "CBM 188 Extra"]
[Source "ChessBase"]
[SourceDate "2019.02.26"]
[SourceVersion "1"]
[SourceVersionDate "2019.02.26"]
[SourceQuality "1"]

1. e4 d6 2. d4 g6 3. c4 Bg7 4. Nc3 Nf6 5. Be2 0-0 6. Be3 Nc6 7. g4 e5 8. d5 Nd4 9. g5 Nxe2 10. Ngxe2 Nh5 11. Qd2 a6 12. 0-0-0 Bh3 13. Rhg1 b5 14. c5 Qb8 15. Ng3 b4 16. Nce2 Bg4 17. Rde1 Qb5 18. Kb1 Bf3 19. Rc1 f5 20. gxf6 Nxf6 21. Ka1 Bxe2 22. Nxe2 Nxe4 23. Qc2 Nxf2 24. Rg2 Nd3 25. Rcg1 Nf4 26. Nxf4 exf4 27. Rxg6 hxg6 28. Qxg6 Qd7 29. Bd4 Rf7 30. Qh6 1-0

[Event "Belgrade ChessAmateur op 5th"]
[Site "Belgrade"]
[Date "2019.01.05"]
[Round "2"]
[White "Garic, Radomir"]
[Black "Vasic, Vladimir"]
[Result "1-0"]
[WhiteElo "2291"]
[BlackElo "2180"]
[PlyCount "121"]
[EventDate "2019.01.04"]
[EventType "swiss"]
[EventRounds "9"]
[EventCountry "SRB"]
[SourceTitle "CBM 188 Extra"]
[Source "ChessBase"]
[SourceDate "2019.02.26"]
[SourceVersion "1"]
[SourceVersionDate "2019.02.26"]
[SourceQuality "1"]

1. Nf3 d5 2. c4 c5 3. g3 Nf6 4. Bg2 Nc6 5. cxd5 Nxd5 6. 0-0 e5 7. Nc3 Be6 8. d3 Be7 9. Bd2 Qd7 10. Nxd5 Bxd5 11. Bc3 f6 12. Nd2 Bxg2 13. Kxg2 Qd5+ 14. Kg1 0-0 15. Qb3 Qxb3 16. Nxb3 f5 17. Rfc1 Rac8 18. a4 b6 19. Nd2 Bg5 20. Kf1 Nd4 21. e3 Nc6 22. a5 b5 23. f4 Bf6 24. Nb3 b4 25. Bxe5 Nxe5 26. fxe5 Bxe5 27. Rc2 Rfd8 28. Ke2 Rd5 29. Rac1 Bd6 30. d4 Re8 31. dxc5 Bc7 32. Rd2 Rde5 33. Rd3 f4 34. gxf4 Rh5 35. Rc4 Rxh2+ 36. Kf3 Rxb2 37. c6 h5 38. Rc5 g6 39. Rg5 Re6 40. Nd4 Rf6 41. Ke4 Ra2 42. f5 Rxa5 43. Rxg6+ Rxg6 44. fxg6 Re5+ 45. Kf3 a5 46. Ne2 Re6 47. Rd7 Rxc6 48. Nd4 Rf6+ 49. Ke4 Bb6 50. Nf5 Re6+ 51. Kd5 Rxg6 52. Ne7+ Kf7 53. Nxg6+ Kxg6 54. Rd6+ Kg5 55. Rxb6 h4 56. Rb5 h3 57. Rxa5 h2 58. Kc4+ Kg4 59. Ra1 Kf3 60. e4 Kxe4 61. Rh1 1-0

[Event "Belgrade ChessAmateur op 5th"]
[Site "Belgrade"]
[Date "2019.01.05"]
[Round "3"]
[White "Vasic, Vladimir"]
[Black "Radovanovic, Dusan"]
[Result "0-1"]
[WhiteElo "2180"]
[BlackElo "2321"]
[PlyCount "64"]
[EventDate "2019.01.04"]
[EventType "swiss"]
[EventRounds "9"]
[EventCountry "SRB"]
[SourceTitle "CBM 188 Extra"]
[Source "ChessBase"]
[SourceDate "2019.02.26"]
[SourceVersion "1"]
[SourceVersionDate "2019.02.26"]
[SourceQuality "1"]

1. e4 c5 2. Nf3 d6 3. d4 cxd4 4. Nxd4 Nf6 5. f3 e5 6. Bb5+ Nbd7 7. Nf5 a6 8. Ba4 b5 9. Bb3 Nb6 10. Ne3 Be6 11. c3 d5 12. 0-0 Bc5 13. Kh1 dxe4 14. Bxe6 fxe6 15. fxe4 Qxd1 16. Nxd1 0-0 17. Nd2 Nxe4 18. Rxf8+ Rxf8 19. Nf3 Rd8 20. Be3 Rxd1+ 21. Rxd1 Bxe3 22. Re1 Nd5 23. g3 Nf2+ 24. Kg2 Nd3 25. Re2 e4 26. Nd4 Bxd4 27. cxd4 e3 28. Kf3 Kf7 29. a3 Ke7 30. Ke4 Nxb2 31. Rxb2 e2 32. Rb1 Nc3+ 0-1

[Event "SRB-chT2 West"]
[Site "Vrnjacka Banja"]
[Date "2013.10.12"]
[Round "4"]
[White "Stojanovic, Dobrisav"]
[Black "Vasic, Vladimir"]
[Result "1-0"]
[WhiteElo "2355"]
[BlackElo "2170"]
[PlyCount "47"]
[EventDate "2013.10.10"]
[EventType "team-tourn"]
[EventRounds "8"]
[EventCountry "SRB"]
[SourceTitle "EXT 2014"]
[Source "ChessBase"]
[SourceDate "2013.11.20"]
[SourceVersion "1"]
[SourceVersionDate "2013.11.20"]
[SourceQuality "1"]

1. d4 d5 2. Nf3 Nf6 3. c4 dxc4 4. e3 Bg4 5. Bxc4 e6 6. h3 Bh5 7. Nc3 Nbd7 8. Qb3 Bxf3 9. gxf3 c5 10. d5 exd5 11. Nxd5 Bd6 12. Nxf6+ Qxf6 13. f4 0-0 14. Bd2 Nb6 15. Bc3 Qh4 16. 0-0-0 Bxf4 17. Rdg1 Bg5 18. Rg4 Qxf2 19. Rxg5 Qxe3+ 20. Bd2 Qe4 21. Bd5 Qe7 22. Rhg1 g6 23. Rxg6+ Kh8 24. Bg5 1-0